00723 2200253 4500001002100000005001700021008004100038020001800079035002400097082001000121090001700131100003100148245008700179250001100266260004100277300002800318500003100346650002300377700002100400850001200421980001500433985000600448999001500454YOGYA-0209000002296420090227023727.0 ind  a979-20-1894-8 0010-020900000022964 a615.3 a615.3bWij P aWIJAYAKUSUMA, H.M. Hembing aPenyembuhan dengan telur cukacH.M. Hembing Wijayakusuma ; editor, Agnes Marlina S aCet. 1 aJakartabElex Media Komputindoc2000 ax, 118 hlmbilusc21 cm aBibliografi : hlm. 112-118 aTelur - Pengobatan aMarlina S, Agnes aYOPDYOG a02-03-2007 a1 a06A0014810